| 000 | 00682cam a22002055a 4500 | ||
|---|---|---|---|
| 001 | L140929 | ||
| 008 | 071018n xxk eng u | ||
| 035 | _a(Sirsi) u140929 | ||
| 041 | 0 | _aeng | |
| 110 | 2 |
_aChancellors _95414 |
|
| 245 | 0 | 0 | _aIllustrated particulars of the very choice early 18th century period residence known as Tennyson's House, Montpelier Row, Twickenham |
| 260 |
_aS.l. _bs.n. _c[ca. 1930] |
||
| 300 |
_a9 p. _bill. _c32 cm. |
||
| 340 | _aPrinted | ||
| 351 | _cSingle item | ||
| 500 | _aProperty was for sale by private treaty | ||
| 651 | 4 | _aMiddlesex | |
| 690 | _aPROPERTY-PROPERTY ACQUISITION AND DISPOSAL-ACQUISITION AND DISPOSAL AT AUCTION | ||
| 942 | _n0 | ||
| 999 |
_c116534 _d116534 |
||